[Event "FIDE WCh Women KO"]
[Site "New Delhi IND"]
[Date "2000.11.29"]
[Round "1.6"]
[White "Lakos,N"]
[Black "Cramling,P"]
[Result "1-0"]
[WhiteElo "2327"]
[BlackElo "2484"]
[EventDate "2000.11.27"]

1. e4 c5 2. Nf3 e6 3. d4 cxd4 4. Nxd4 Nc6 5. Nb5 d6 6. Bf4 e5 7. Be3 Nf6 8.
Bg5 Be6 9. Bxf6 gxf6 10. Nd2 a6 11. Nc3 f5 12. g3 Bg7 13. Bg2 O-O 14. exf5
Bxf5 15. Nd5 Be6 16. O-O f5 17. Nc4 Kh8 18. a4 e4 19. Ncb6 Rb8 20. Nf4 Bf7
21. Nbd5 Bxb2 22. Rb1 Be5 23. c3 Ne7 24. Bh3 Nxd5 25. Nxd5 b5 26. axb5 axb5
27. f4 exf3 28. Qxf3 Bxd5 29. Qxd5 Qb6+ 30. Kg2 Qb7 31. Qxb7 Rxb7 32. c4 b4
33. Bxf5 b3 34. Be4 Rxf1 35. Rxf1 Ra7 36. Bb1 Kg7 37. h3 Rc7 38. Bd3 b2 39.
g4 h6 40. h4 Bf6 41. Kg3 Re7 42. Bb1 Re4 43. Bxe4 1-0

[Event "FIDE WCh Women KO"]
[Site "New Delhi IND"]
[Date "2000.11.29"]
[Round "1.7"]
[White "Peng Zhaoqin"]
[Black "Thipsay,B"]
[Result "1-0"]
[WhiteElo "2403"]
[BlackElo "2237"]
[EventDate "2000.11.27"]

1. d4 f5 2. Nf3 e6 3. g3 Nf6 4. Bg2 d5 5. O-O Bd6 6. c4 c6 7. b3 Qe7 8. Qc2
O-O 9. Ne5 Bd7 10. Bb2 Be8 11. Nd2 Bh5 12. f3 Nbd7 13. Kh1 Ne8 14. e4 f4
15. exd5 exd5 16. Rae1 Qd8 17. Bh3 Nef6 18. Be6+ Kh8 19. g4 Be8 20. Kg2 Bb4
21. Re2 Bxd2 22. Qxd2 dxc4 23. bxc4 Nxe5 24. dxe5 Qxd2 25. Rxd2 Ng8 26. Ba3
1-0

[Event "FIDE WCh Women KO"]
[Site "New Delhi IND"]
[Date "2000.11.29"]
[Round "1.7"]
[White "Cramling,P"]
[Black "Lakos,N"]
[Result "1-0"]
[WhiteElo "2484"]
[BlackElo "2327"]
[EventDate "2000.11.27"]

1. d4 Nf6 2. c4 g6 3. Nc3 Bg7 4. e4 O-O 5. Nf3 c6 6. h3 d5 7. e5 Ne4 8. Bd3
Nxc3 9. bxc3 f6 10. Qe2 Nd7 11. Bf4 f5 12. cxd5 cxd5 13. c4 Nb6 14. c5 Nd7
15. h4 Re8 16. h5 Nf8 17. hxg6 Nxg6 18. Qd2 Nxf4 19. Qxf4 e6 20. g4 Qa5+
21. Kf1 b6 22. gxf5 exf5 23. Kg2 Rf8 24. Rh3 bxc5 25. Rah1 h6 26. Rxh6 Bxh6
27. Qxh6 Kf7 28. Ng5+ Ke8 29. Qg6+ Kd8 30. Qd6+ Ke8 31. Rh7 1-0